Construction site communication (Record no. 104829)

MARC details
000 -LEADER
fixed length control field 01005cam a2200217 4500
001 - CONTROL NUMBER
control field ##L131757
008 - FIXED-LENGTH DATA ELEMENTS--GENERAL INFORMATION
fixed length control field 051206n2003 000 0 eng u
020 ## - INTERNATIONAL STANDARD BOOK NUMBER
International Standard Book Number 186081607X
035 ## - SYSTEM CONTROL NUMBER
System control number (Sirsi) u131757
041 0# - LANGUAGE CODE
Language code of text/sound track or separate title eng
050 04 - LIBRARY OF CONGRESS CALL NUMBER
Classification number 658.45 $2 18
100 1# - MAIN ENTRY--PERSONAL NAME
Personal name Stupart, Alastair
245 00 - TITLE STATEMENT
Title Construction site communication
Remainder of title masonry
260 ## - PUBLICATION, DISTRIBUTION, ETC.
Place of publication, distribution, etc. London
Name of publisher, distributor, etc. BRE
Date of publication, distribution, etc. 2003
300 ## - PHYSICAL DESCRIPTION
Extent 6p
Other physical details ill
Dimensions 30cm
490 #0 - SERIES STATEMENT
Series statement BRE Good Building Guide
Volume/sequential designation GBG 54 Part 2
520 ## - SUMMARY, ETC.
Summary, etc. This two part guide advises on how communication can be improved to and around a construction site, and is relevant to all trades and work activities on site. Part one gives advise applicable across an entire building project. Part two deals specifically with communications on projects where masonry is being built, and also contains a box containing advice applicable across the whole construction project.
651 #4 - SUBJECT ADDED ENTRY--GEOGRAPHIC NAME
Geographic name United Kingdom
Chronological subdivision
690 ## - LOCAL SUBJECT ADDED ENTRY--TOPICAL TERM (OCLC, RLIN)
Topical term or geographic name as entry element MANAGEMENT-PROJECT MANAGEMENT-PROJECT COMMUNICATION MANAGEMENT
942 ## - ADDED ENTRY ELEMENTS (KOHA)
Suppress in OPAC 0
Holdings
Withdrawn status Lost status Source of classification or shelving scheme Damaged status Not for loan Home library Current library Shelving location Date acquired Total Checkouts Full call number Barcode Date last seen Copy number Price effective from Koha item type
    Dewey Decimal Classification     London London BRE publications 06/12/2005   ENQUIRY DESK 30061297 06/08/2019 1 06/08/2019 Book